000 00207 a2200097 4500
001 15458
100 _aPithras Bukhari
245 _aTanqeedy Maza
260 _a
_bMaktaba Urdu Adab
_c
090 _c12081
_d12081
942 _aNUST-CAE
_cM
_c2316
999 _c250531
_d250531